Basic documents [of the] Inter-American Council of Jurists and Inter-American Juridical Committee. (Record no. 51514)
[ view plain ]
| 000 -LEADER | |
|---|---|
| fixed length control field | 00956cam a22002531 4500 |
| 001 - CONTROL NUMBER | |
| control field | pa 63000021 |
| 003 - CONTROL NUMBER IDENTIFIER | |
| control field | DLC |
| 005 - DATE AND TIME OF LATEST TRANSACTION | |
| control field | 20260227111856.0 |
| 008 - FIXED-LENGTH DATA ELEMENTS--GENERAL INFORMATION | |
| fixed length control field | 780328s1962 dcu i00010 eng c |
| 010 ## - LIBRARY OF CONGRESS CONTROL NUMBER | |
| LC control number | pa 63000021 //r853 |
| 035 ## - SYSTEM CONTROL NUMBER | |
| System control number | ocl73721858 |
| 040 ## - CATALOGING SOURCE | |
| Original cataloging agency | Pan American Union. Library |
| Transcribing agency | WMaUCS |
| Modifying agency | WMaUCS |
| 050 0# - LIBRARY OF CONGRESS CALL NUMBER | |
| Classification number | F1405.5 1959 |
| Item number | .O7 OEA/ser.I/I.4 |
| 110 20 - MAIN ENTRY--CORPORATE NAME | |
| Corporate name or jurisdiction name as entry element | Pan American Union. |
| Subordinate unit | Codification Division. |
| 245 00 - TITLE STATEMENT | |
| Title | Basic documents [of the] Inter-American Council of Jurists and Inter-American Juridical Committee. |
| 260 1# - PUBLICATION, DISTRIBUTION, ETC. | |
| Place of publication, distribution, etc. | Washington, |
| Date of publication, distribution, etc. | 1962. |
| 300 ## - PHYSICAL DESCRIPTION | |
| Extent | iii, 32 p. |
| Dimensions | 28 cm. |
| 490 1# - SERIES STATEMENT | |
| Series statement | OAS Official records, |
| Volume/sequential designation | OEA/Ser.I/I.4 (English) |
| 490 1# - SERIES STATEMENT | |
| Series statement | [Inter-American Council of Jurists] CIJ-66 |
| 710 20 - ADDED ENTRY--CORPORATE NAME | |
| Corporate name or jurisdiction name as entry element | Inter-American Council of Jurists. |
| 710 20 - ADDED ENTRY--CORPORATE NAME | |
| Corporate name or jurisdiction name as entry element | Inter-American Juridical Committee. |
| 830 #0 - SERIES ADDED ENTRY--UNIFORM TITLE | |
| Uniform title | OAS official records ; |
| Volume/sequential designation | OEA/Ser.I/I.4 (English) |
| 810 2# - SERIES ADDED ENTRY--CORPORATE NAME | |
| Corporate name or jurisdiction name as entry element | Inter-American Council of Jurists. |
| Title of a work | CIJ, |
| Language of a work | English, |
| Volume/sequential designation | 66. |
No items available.